[Event "Landesliga Sued U20 1819"]
[Site "Bayern"]
[Date "2019.02.09"]
[Round "6.2"]
[White "Chen, Victor1"]
[Black "Metze, Nils"]
[Result "1-0"]
[WhiteElo "1866"]
[BlackElo "1270"]
[PlyCount "71"]
[EventDate "2018.11.17"]
[EventType "team-tourn"]
[EventRounds "7"]
[EventCountry "GER"]
[SourceTitle "EXT 2022"]
[Source "ChessBase"]
[SourceDate "2021.10.06"]
[SourceVersion "1"]
[SourceVersionDate "2021.10.06"]
[SourceQuality "1"]
[WhiteTeam "Muenchen Tarrasch U20"]
[BlackTeam "Groebenzell U20"]
[WhiteTeamCountry "GER"]
[BlackTeamCountry "GER"]

1. e4 e5 2. Nf3 Nc6 3. Bb5 a6 4. Ba4 Nf6 5. 0-0 b5 6. Bb3 Bc5 7. Re1 0-0 8. c3 d6 9. h3 Re8 10. d3 h6 11. Nbd2 Be6 12. Bxe6 Rxe6 13. Nf1 d5 14. Ng3 dxe4 15. dxe4 Qxd1 16. Rxd1 Rd6 17. Rxd6 cxd6 18. a4 bxa4 19. Rxa4 a5 20. b4 Bb6 21. Ba3 Ne7 22. bxa5 Rxa5 23. Rxa5 Bxa5 24. Bxd6 Nc6 25. Nxe5 Nxe5 26. Bxe5 Nd7 27. Bd4 f6 28. Kf1 Ne5 29. Ke2 Nc6 30. Nf5 Nxd4+ 31. cxd4 Bc7 32. g3 Kf7 33. Kd3 Kg6 34. Kc4 Bb6 35. Kb5 Bxd4 36. Nxd4 1-0